000 00657nam a2200277Ia 4500
001 Z_2827
003 CHAP
008 220113s1998 xx 000 0 und d
010 _a165898
040 _cCHAP
082 _a636.59 A5y
100 _aAnderloni, Giorgio
_95546
245 _aLa cría del avestruz /
_cpor Giorgio Anderloni
260 _aMéxico, D. F. :
_bMundi-Prensa,
_c1998
300 _a178 p. :
_bilus.
440 _a
500 _atrad. De : L'allevamento dello struzzo
503 _a204354
650 _aAvestruz
_98693
901 _a636.59 A5y
902 _aA
910 _a1998
942 _c1
942 _cc1
999 _c165898
_d165898